000
00242nam a22001097a 4500
008
160519b xxu||||| |||| 00| 0 eng d
020
_a
051753035X
041
_a
eng
080
_a
611
245
_a
Gray's anatomy:
_c
Henry Gray;
942
_2
udc
_c
BK
999
_c
2238
_d
2238